European quarterly market perspective (Record no. 109325)

MARC details
000 -LEADER
fixed length control field 01189cad a22002295a 4500
001 - CONTROL NUMBER
control field L146867
008 - FIXED-LENGTH DATA ELEMENTS--GENERAL INFORMATION
fixed length control field 090304s2009 xxkb f s 000 0 eng d
035 ## - SYSTEM CONTROL NUMBER
System control number (Sirsi) u146867
041 0# - LANGUAGE CODE
Language code of text/sound track or separate title eng
050 04 - LIBRARY OF CONGRESS CALL NUMBER
Classification number 333.33 $2 18
110 2# - MAIN ENTRY--CORPORATE NAME
Corporate name or jurisdiction name as entry element Pramerica Real Estate Investors
9 (RLIN) 5594
245 00 - TITLE STATEMENT
Title European quarterly market perspective
Remainder of title January 2009
Medium [electronic resource]
260 ## - PUBLICATION, DISTRIBUTION, ETC.
Place of publication, distribution, etc. Parsipanny, NJ
Name of publisher, distributor, etc. Pramerica Real Estate Investors
Date of publication, distribution, etc. 2009
490 #0 - SERIES STATEMENT
Series statement PREI European Quarterly Market Perspective
520 ## - SUMMARY, ETC.
Summary, etc. Reveals that investment activity fell sharply in the fourth quarter 2008, resulting in unprecedented drops in property values, and that lack of available debt may produce difficulties for property owners. Reports that rental growth is slowing and forecasts this will continue throughout 2009. Concludes that rising vacancy rates means a shift in the balance of power between landlords to tenants.
521 ## - TARGET AUDIENCE NOTE
Target audience note Advanced
590 ## - LOCAL NOTE (RLIN)
Local note KA
651 #4 - SUBJECT ADDED ENTRY--GEOGRAPHIC NAME
Geographic name Europe
690 ## - LOCAL SUBJECT ADDED ENTRY--TOPICAL TERM (OCLC, RLIN)
Topical term or geographic name as entry element PROPERTY-COMMERCIAL PROPERTY-COMMERCIAL PROPERTY MARKET
856 40 - ELECTRONIC LOCATION AND ACCESS
Uniform Resource Identifier <a href="https://www.pramericarei.com/pramerica/realestate/index.html">https://www.pramericarei.com/pramerica/realestate/index.html</a>
Public note View the item free of charge at www.pramericarei.com...
942 ## - ADDED ENTRY ELEMENTS (KOHA)
Suppress in OPAC 0
Holdings
Withdrawn status Lost status Source of classification or shelving scheme Damaged status Not for loan Home library Current library Shelving location Date acquired Total Checkouts Full call number Barcode Date last seen Copy number Price effective from Koha item type
    Dewey Decimal Classification     Virtual Virtual Online 04/03/2009   ONLINE PUBLICATION 146867-2001 06/08/2019 1 06/08/2019 Book